Sports Quiz

Random Sports or City Quiz

Minor leauge teams Quiz Stats

 Plays Quiz not verified by Sporcle

Challenge
Share
Tweet
Embed
Score 0/60 Timer 10:00
0 Plays Today
Team city or state where the teams are % Correct
ToledoMud Hens
71%
MississippiBraves
71%
GwinnettBraves
71%
IowaCubs
71%
NorfolkTides
67.7%
Scranton Wilkes-BarreYankees
67.7%
IndianapolisIndians
67.7%
TrentonThunder
64.5%
Las Vegas51's
64.5%
RochesterRed Wings
64.5%
CharlotteKnights
61.3%
ColumbusClippers
61.3%
BuffaloBisons
61.3%
OmahaRoyals
58.1%
Colorado SpringsSky Sox
58.1%
BowieBay Sox
54.8%
BirminghamBarons
54.8%
Salt LakeBees
54.8%
LouisvilleBats
54.8%
MemphisRedbirds
54.8%
NashvilleSounds
54.8%
ChattannoogaLookouts
54.8%
AlbuquerqueIsotopes
54.8%
PortlandSea Dogs
51.6%
New BritianRock Cats
51.6%
Round RockExpress
51.6%
BinghamtonMets
51.6%
ReadingPhillies
51.6%
FresnoGrizzlies
51.6%
New HampshireFisher Cats
48.4%
Team city or state where the teams are % Correct
Akron Aeros
48.4%
SyracuseChiefs
48.4%
Lehigh VallleyIron Pigs
48.4%
JacksonvilleSuns
48.4%
New OrleansZephyrs
48.4%
PortlandBeavers
48.4%
ArkansasTravelers
45.2%
HarrisburgSenators
45.2%
SpringfieldCardinals
45.2%
HuntsvilleStars
45.2%
RenoAces
45.2%
AltoonaCurve
41.9%
TulsaDrillers
41.9%
SacrementoRiver Cats
38.7%
CarolinaMud Cats
38.7%
Corpus ChristiHooks
38.7%
MolbileBayBears
38.7%
PawtuckettPaw Sox
35.5%
TacomaRainers
35.5%
Oklahoma CityRedHawks
35.5%
TennesseeSmokies
35.5%
San AntonioMissions
35.5%
Durham Bulls
35.5%
RichmondFlying Squirrels
32.3%
ErieSeaWolves
29%
FriscoRoughRiders
29%
MidlandRock Hounds
25.8%
MontgomeryBiscuits
25.8%
Northwest ArkansasNaturals
22.6%
JacksonGenerals
12.9%

You're not logged in!

Compare scores with friends on all Sporcle quizzes.
Join for Free
OR
Log In

You Might Also Like...

Show Comments

Extras

Top Quizzes Today


Score Distribution

Your Account Isn't Verified!

In order to create a playlist on Sporcle, you need to verify the email address you used during registration. Go to your Sporcle Settings to finish the process.

Report this User

Report this user for behavior that violates our Community Guidelines.

Details: